[Event "New York Winter Invitational GM-B 2022"]
[Site "New York"]
[Date "2022.01.16"]
[Round "6.5"]
[White "Tsay, Vincent"]
[Black "Grinberg, Eyal"]
[Result "0-1"]
[WhiteElo "2295"]
[BlackElo "2492"]
[Annotator "TA"]
[PlyCount "64"]
[EventDate "2022.01.11"]
[EventType "tourn"]
[EventCountry "USA"]
[SourceTitle "playchess.com"]
[Source "ChessBase"]
[SourceQuality "1"]

{[%evp 21,64,21,34,25,21,0,15,0,0,-6,-8,-16,-17,-29,-20,-55,-52,-43,-52,-210,-204,-197,-190,-189,-182,-439,-443,-465,-481,-1113,-680,-804,-406,-440,-370,-356,-362,-515,-511,-523,-519,-713,-700,-658,-635]} 1. d4 d5 2. c4 c6 3. Nf3 Nf6 4. cxd5 cxd5 5. Nc3 Nc6 6. Bf4 a6 7. Ne5 e6 8. e3 Nxe5 9. Bxe5 Be7 10. Bd3 O-O 11. O-O b5 12. Qf3 {D13: Slav Defence: Exchange variation without ...Bf5.} Bb7 13. Qh3 {[#] Bxf6 is the strong threat.} g6 {[#]} 14. a3 $146 {The position is equal.} (14. Qh6 Nh5 15. Bf4 Re8 $15) ({Predecessor:} 14. Qh6 Nh5 15. f4 f6 16. g4 Ng7 17. Rf3 fxe5 18. Rh3 e4 19. Qxh7+ Kf7 20. Rh6 {0-1 (41) Babounis,G (1660)-Kalofonos,P (2089) Porto Rio 2015}) 14... Re8 15. Rac1 ({Much weaker is} 15. Qh6 Nh5 16. Bf4 e5 17. dxe5 (17. Bxe5 $2 Bg5 $19) 17... d4 $17) 15... Rc8 16. Rc2 (16. Qh6 $2 Nh5 17. Bf4 (17. g4 $2 Bg5 $19) 17... e5 18. dxe5 (18. Bxe5 $2 Bg5 $19) 18... Bf8 $19) 16... Nd7 17. Bf4 Bf6 18. Rfc1 e5 19. dxe5 Nxe5 ({Much worse is} 19... Bxe5 20. Bxe5 Nxe5 21. Bf1 $11) 20. Nxd5 $2 Rxc2 $19 21. Nxf6+ Qxf6 {Dancing on a razor blade.} 22. Bxc2 Rc8 23. Bh6 $2 {[#]} (23. f3) 23... Qd6 $1 {[%cal Oc8c2]} 24. Qh4 Rxc2 {[%cal Rc2c1]} 25. Re1 (25. Rf1 $142) 25... f6 {aiming for ...Rc4.} 26. Qd4 Nf7 27. Bf4 Qd5 ({Don't go for} 27... Qc6 $2 28. e4 $19) 28. Qxd5 Bxd5 29. f3 (29. e4 {was worth a try.} Bc4 30. Rb1) 29... Rxb2 {Black is clearly winning.} 30. Rc1 Bc4 31. a4 Ne5 32. axb5 axb5 {White got outplayed after the opening.  Weighted Error Value: White=0.75/Black=0.45} 0-1

[Event "New York Winter Invitational GM-B 2022"]
[Site "New York"]
[Date "2022.01.17"]
[Round "7.1"]
[White "Grinberg, Eyal"]
[Black "Barbosa, Oliver"]
[Result "1/2-1/2"]
[WhiteElo "2492"]
[BlackElo "2510"]
[Annotator "TA"]
[PlyCount "191"]
[EventDate "2022.01.11"]
[EventType "tourn"]
[EventCountry "USA"]
[SourceTitle "playchess.com"]
[Source "ChessBase"]
[SourceQuality "1"]

{[%evp 12,191,16,11,12,0,17,3,7,4,14,4,12,0,0,0,0,0,0,0,0,4,7,-56,-32,-49,-34,-64,-70,-75,-75,-68,-76,-79,-65,-87,-60,-98,-59,-85,-91,-107,-85,-105,-46,-61,-48,-74,-70,-66,-64,-114,-115,-115,-125,-114,-98,-117,-120,-121,-126,-107,-114,-231,-231,-212,-180,-279,-137,-127,-126,-214,-165,-167,0,0,0,0,0,0,0,0,0,0,0,0,0,-8,-8,-8,-8,-38,-15,-15,-8,-8,-8,-8,-8,-8,-8,-8,-8,-8,-8,-8,-8,-8,-8,-8,-8,-8,-8,-8,-8,-8,-8,-8,-8,-8,-8,-8,-8,-8,-8,-8,-8,-8,-8,-8,-8,-8,-8,-8,-8,-8,-3,-8,-8,-8,-8,-8,0,-8,-8,-8,-8,-8,-8,-8,-8,-8,-8,-8,-8,-8,-8,-8,0,-8,-3,-3,-3,-3,0,0,0,0,0,0,0,0,0,0,0,-8,0,0,0,-4,0,0]} 1. e4 e5 2. Nf3 Nc6 3. Bb5 Nf6 4. d3 Bc5 5. O-O d6 6. c3 O-O 7. h3 h6 {C65: Ruy Lopez: Berlin Defence (3...Nf6), unusual lines and 4 0-0 Bc5.} 8. Re1 a6 9. Bxc6 bxc6 10. d4 Ba7 11. dxe5 dxe5 12. Qxd8 Rxd8 13. Nbd2 Nd7 14. Nc4 Re8 15. Be3 Bxe3 16. Rxe3 a5 $1 {[#]} 17. Rd1 $146 (17. b4 $11) ({Predecessor:} 17. a4 f6 18. Nfd2 Nc5 19. b4 axb4 20. cxb4 Rxa4 21. Rxa4 Nxa4 22. Ra3 Nb6 23. Ra7 {½-½ (42) Szelag,M (2484)-Bartel,M (2619) Chorzow 2013}) 17... f6 $15 18. Nfd2 Nc5 19. Nb1 Be6 20. Nba3 a4 {To avoid b3} 21. f3 Kf7 22. Re2 Ke7 23. Red2 h5 24. Kf1 h4 25. Ke2 g6 26. Kf2 Nb7 27. Ke3 Red8 ({Black should try} 27... Reb8 $17) 28. Rxd8 Nxd8 29. b4 {[#]} axb3 $1 30. axb3 Nb7 31. Kd3 (31. Rb1 $15) 31... Nc5+ $17 32. Kc2 {[#]} Rxa3 $1 {[%mdl 512]} 33. Nxa3 {And now c4 would win.} Bxb3+ 34. Kd2 Bxd1 35. Kxd1 {[%mdl 4096] Endgame KN-KN} f5 36. exf5 gxf5 {aiming for ...Na4.} 37. Ke2 (37. Nc4 $17) 37... Na4 $19 38. Kd3 Ke6 39. Nc2 (39. c4 {was called for.}) 39... Nb6 (39... Nb2+ $19 40. Ke2 f4) 40. c4 $17 Na4 41. f4 (41. Kd2 $17) 41... c5 ({Worse is} 41... exf4 42. Nd4+ Kf6 43. Nf3 $15) 42. Ne1 exf4 (42... e4+ $19 43. Kc2 Nb6) 43. Nf3 $11 Nb2+ 44. Kc3 Nd1+ 45. Kd3 Ne3 46. Nxh4 Kf6 47. g3 Kg5 {[%cal Of4g3]} 48. Nf3+ Kh5 49. Ne1 ({Reject} 49. gxf4 Ng2 $17) 49... Nd1 50. gxf4 Kh4 51. Ke2 Nb2 52. Ng2+ {The position is equal.} Kg3 53. Ne3 Kxf4 54. h4 Na4 55. h5 {h6 is the strong threat.} Kg5 56. h6 {[%mdl 64] Decoy} Kxh6 57. Nxf5+ Kg6 58. Ne7+ Kf7 59. Nd5 c6 (59... Nb6 $5 {[%cal Rb6d5]} 60. Nxc7 Kg6 $11) 60. Ne3 Ke6 61. Kd3 Ke5 62. Ng4+ Kf4 63. Nf6 Kf5 64. Ne8 Ke5 65. Ng7 Nb2+ 66. Kc3 Nd1+ 67. Kd2 Nf2 {White should prevent ...Kd4.} 68. Ke3 Ne4 69. Nh5 Nd6 70. Kd3 Nf5 71. Kc3 Nd4 72. Kd3 {Prevents Ne2.} Ne6 73. Ng3 Kf4 74. Ne2+ Kf3 {( -> ...Nf4+)} 75. Nc3 Nf4+ 76. Kd2 Ne6 77. Kd3 Ng5 78. Na4 $1 Ne4 79. Nb6 $1 Nf2+ 80. Kc2 $1 Ke4 {next ...Kd4 is good for Black.} 81. Nd7 Nd3 (81... Kd4 $5 82. Nb8 Nh3 $11) 82. Kc3 Ke3 83. Nf8 Nf2 {Threatening ...Ne4+.} 84. Ne6 Nd3 85. Nd8 Ne5 86. Ne6 Nd7 87. Nd8 Nb8 88. Ne6 Na6 89. Nd8 Nb4 90. Ne6 Na2+ 91. Kb2 $1 Nb4 92. Kc3 Nd3 93. Nd8 Ne5 94. Ne6 Nd7 95. Nd8 Ne5 96. Ne6 {And White is the lucky defender.  Weighted Error Value: White=0.14 (very precise) /Black=0.13 (very precise)} 1/2-1/2

[Event "New York Winter Invitational GM-B 2022"]
[Site "New York"]
[Date "2022.01.17"]
[Round "7.2"]
[White "Tian, Eddy"]
[Black "Tsay, Vincent"]
[Result "1-0"]
[WhiteElo "2411"]
[BlackElo "2295"]
[Annotator "TA"]
[PlyCount "147"]
[EventDate "2022.01.11"]
[EventType "tourn"]
[EventCountry "USA"]
[SourceTitle "playchess.com"]
[Source "ChessBase"]
[SourceQuality "1"]

{[%evp 20,147,24,23,20,18,18,18,12,14,12,13,15,11,12,9,11,11,12,9,52,53,54,41,54,19,56,56,56,56,58,66,85,85,98,95,99,99,122,114,114,96,189,180,203,193,166,166,166,166,162,139,466,429,159,159,498,491,414,370,487,131,769,77,806,530,530,530,229,77,77,77,77,77,77,77,77,77,29967,29968,29968,29969,29969,29970,29970,29971,29972,29973,29973,29974,29974,29975,29975,29976,29976,29977,29977,29978,29978,29979,29980,29981,29981,29982,29982,29983,29983,29984,29983,29984,29984,29985,29986,29987,29987,29988,29989,29987,29987,29988,29988,29989,29989,29990,29990,29991,29991,549,29992,29993]} 1. d4 d5 2. c4 e6 3. Nf3 Nf6 {[%cal Bg8f6,Bf6d5,Bd5b4][%mdl 32]} 4. g3 dxc4 5. Bg2 Nc6 6. Qa4 Bb4+ 7. Bd2 Nd5 8. Bxb4 Ndxb4 9. O-O Rb8 10. Nc3 a6 11. Ne5 {next a3 is good for White.} O-O {E04: Open Catalan: 5 Nf3.} 12. Nxc6 Nxc6 13. Bxc6 bxc6 {The position is equal.} 14. Qxc4 Rxb2 15. Rab1 Rb6 16. Qc5 Rxb1 17. Rxb1 {[%cal Bf1b1,Bb1b6,Bb6c6][%mdl 32]} Qd6 18. Qxd6 cxd6 $11 {[%mdl 4096] Endgame KRB-KRN} 19. Rb6 {[#]} e5 $146 (19... c5 $11 {is superior.}) ({Predecessor:} 19... c5 20. Rxd6 cxd4 21. Rxd4 Bb7 22. Rb4 Bc8 23. Rb6 Rd8 24. Ne4 Kf8 25. Nd6 a5 {½-½ (55) Aleksandrov,A (2568)-Harutyunian,T (2480) Yerevan 2016}) 20. Rxc6 $14 exd4 21. Nd5 Be6 22. Rxd6 g6 23. Nf4 Bxa2 24. Rxa6 ({Don't play} 24. Rxd4 Rc8 $11) 24... Bc4 25. Rd6 Re8 26. Kf1 Re4 27. f3 Re3 28. Rxd4 Ba2 (28... Rxf3+ $2 29. Ke1 Bxe2 30. Kxe2 $18) 29. Kf2 Ra3 30. Rd1 h5 (30... Ra4 $16 {is a better defense.}) 31. Ra1 $18 Ra4 32. e4 Bb3 33. Rxa4 Bxa4 {KB-KN} 34. Nd5 Kg7 35. Ke3 {aiming for Kd4.} Bd1 $2 {[%mdl 8192]} (35... f6 $16 {is more resistant.} 36. Kd3 Kf7) 36. f4 Bc2 $2 (36... h4 $18 37. gxh4 Bb3) 37. Kd4 $16 {h4 is the strong threat.} Bd1 $2 (37... f5 $16) 38. Ke5 $18 Bc2 39. f5 gxf5 40. exf5 (40. Kxf5 $18 {is the precise move to win.} Kh6 41. Nf4) 40... Bd1 $2 {[%mdl 8192]} (40... Bb3 $16 41. Nf6 Kh6) 41. h4 $2 (41. Nf4 $18 {And now h4 would win.} Bg4 42. f6+ Kg8 43. Kd6) 41... Bb3 $2 {[%mdl 8192]} (41... Bc2 $16 42. Nf6 Bd1) 42. Nf6 $1 Bd1 43. Nd7 $1 Ba4 44. f6+ $2 (44. Kd6 $1 $18) 44... Kh7 $16 45. Kd6 {Threatening mate with Ne5.} Kg6 46. Nc5 Bb5 47. Ke5 Bc6 48. Nd3 {Hoping for Nf4+.} Bb5 $2 {[%mdl 8192]} (48... Ba4 $16 49. Nf4+ Kh6) 49. Nf4+ Kh6 50. Kd6 $1 Bf1 51. Kd7 $1 Bb5+ 52. Kd8 $1 Bc4 53. Ke7 Bb3 54. Nd3 $1 Kh7 55. Ne5 Kg8 56. g4 $1 hxg4 57. Nxg4 Kh7 58. Ne5 Kh6 59. Nxf7+ Kh5 {[#]} 60. Ng5 $1 Bg8 61. Nf3 Kg6 62. Nd4 Kh5 {[#]} 63. Nf5 $1 Kg6 64. Ng3 Ba2 65. h5+ Kh6 66. f7 Bxf7 67. Kxf7 Kh7 68. Kf6 Kh6 69. Kf5 Kh7 70. Kg5 Kg7 71. h6+ Kh7 72. Ne4 Kh8 73. Kg6 Kg8 74. Ng5 {Weighted Error Value: White=0.29 (precise) /Black=0.42} 1-0

[Event "New York Winter Invitational GM-B 2022"]
[Site "New York"]
[Date "2022.01.17"]
[Round "7.3"]
[White "Korley, Kassa"]
[Black "Mandizha, Farai"]
[Result "1-0"]
[WhiteElo "2394"]
[BlackElo "2377"]
[Annotator "TA"]
[PlyCount "109"]
[EventDate "2022.01.11"]
[EventType "tourn"]
[EventCountry "USA"]
[SourceTitle "playchess.com"]
[Source "ChessBase"]
[SourceQuality "1"]

{[%evp 19,109,50,102,126,105,104,119,52,49,50,53,47,51,47,53,66,76,79,78,70,108,123,84,68,72,61,52,58,143,140,135,147,136,133,129,127,130,133,151,132,195,197,189,119,112,112,112,112,102,102,104,104,132,139,232,232,341,367,474,474,1022,1022,993,941,819,791,956,850,1854,1680,1415,1393,1273,1217,1186,1111,1098,886,4137,4137,29979,29979,29979,29980,29982,29983,29984,29985,29985,29986,29984,29985]} 1. d4 Nf6 2. c4 g6 3. g3 Bg7 4. Bg2 O-O 5. Nc3 c6 6. Nf3 d6 7. O-O Qa5 8. e4 Qh5 9. e5 dxe5 10. Nxe5 Ng4 (10... Nbd7 $14) 11. Nf3 $1 $16 {Active counter play! E62: King's Indian: Fianchetto: 6...c6 and Panno Variation (6...Nc6) without ...a6.} Rd8 {[%cal Od8d4]} 12. h3 {aiming for Qe1.} Nf6 13. Ne5 ({Better is} 13. g4 $16 Qa5 14. Re1) 13... Qxd1 $14 14. Rxd1 Nbd7 15. Be3 Ne8 16. f4 Nd6 {[#]} 17. Bf2 $146 ({Predecessor:} 17. b3 h5 18. Rac1 Nf5 19. Bf2 Bh6 20. Nxd7 Bxd7 21. d5 h4 22. g4 Ng3 23. Bxg3 hxg3 {1-0 (54) Banusz,T (2552)-Markos,J (2596) Austria 2012}) 17... Bxe5 18. dxe5 Nxc4 19. b4 Re8 20. b5 Nb8 21. bxc6 Nxc6 22. Nd5 {Strongly threatening Nc7.} Rb8 23. Rac1 {[%mdl 1024] White has compensation.} N4a5 (23... Nb2 $14) 24. Nc7 $16 Rf8 25. Be1 $1 h5 26. Rc5 $1 b6 27. Rxc6 ({Don't do} 27. Bxc6 bxc5 28. Bxa5 Bxh3 $14) 27... Nxc6 28. Bxc6 Bxh3 29. Nd5 a5 {Prevents Bb4.} (29... Rfd8 $16) 30. Nxe7+ $18 Kg7 31. a4 (31. Rd6 $18) 31... Rfd8 $16 32. Rxd8 Rxd8 {[#]} 33. Nd5 $1 Bd7 {[#]} 34. Bxd7 Rxd7 35. Nxb6 Rd1 36. Kf2 Rc1 {Prevents Bc3.} (36... Ra1 $16 {was necessary.} 37. Bxa5 Ra2+ 38. Kf3 Ra3+ 39. Kg2 Ra2+ 40. Kh3 g5 41. fxg5 Kg6) 37. Bxa5 $18 Rc6 (37... f6 $142 38. e6 Rc6) 38. Ke3 g5 39. fxg5 {Threatens to win with Kd4.} Rc5 (39... Kg6 $142 40. Kd4 Kxg5) 40. Bd2 Rxe5+ 41. Kd3 {Threatening mate with Bc3.} Kg6 42. a5 {[%cal Ba4a5,Ba5a6,Ba6a7][%mdl 32]} Rb5 43. Nc4 Rb7 44. Be3 Rb3+ 45. Kc2 Rb8 46. a6 {And now Nb6 would win.} Ra8 47. a7 Kf5 48. Nd6+ Kg4 49. Nxf7 Kxg3 50. g6 {[%cal Bg5g6,Bg6g7][%mdl 32] White mates.} h4 51. Ng5 h3 {[#]} 52. Nxh3 $1 Kxh3 (52... Kg4 53. g7) 53. g7 Kg4 54. Bc5 Kf5 55. Bf8 {Weighted Error Value: White=0.07 (flawless) /Black=0.27 (precise)} 1-0

[Event "New York Winter Invitational GM-B 2022"]
[Site "New York"]
[Date "2022.01.17"]
[Round "7.4"]
[White "Martinez Alcantara, Jose Eduardo"]
[Black "Perez, Robert"]
[Result "1-0"]
[WhiteElo "2615"]
[BlackElo "2362"]
[Annotator "TA"]
[PlyCount "75"]
[EventDate "2022.01.11"]
[EventType "tourn"]
[EventCountry "USA"]
[SourceTitle "playchess.com"]
[Source "ChessBase"]
[SourceQuality "1"]

{[%evp 9,75,29,24,0,0,0,12,0,0,0,0,0,0,0,-1,-6,-6,-32,27,27,46,45,52,9,43,34,39,45,83,77,72,50,54,49,82,69,73,50,57,59,102,113,108,111,124,116,198,174,212,171,284,275,218,257,316,116,518,499,545,542,528,526,868,702,1787,1671,1688,1266]} 1. e4 c5 2. Nf3 d6 3. d4 cxd4 4. Nxd4 Nf6 5. Nc3 a6 6. h4 {B90: Sicilian Najdorf: Unusual White 6th moves, 6 Be3 Ng4 and 6 Be3 e5.} e5 7. Nb3 Be7 8. Bg5 {The position is equal.} Be6 9. Bxf6 Bxf6 10. g3 O-O {[#]} 11. Bh3 $146 ({Predecessor:} 11. Qd2 Be7 12. Nd5 Nd7 13. Bh3 Nb6 14. Bxe6 fxe6 15. Nxe7+ Qxe7 16. Qe2 Rac8 17. O-O {½-½ (29) Chigaev,M (2577)-Sarana,A (2613) Ekaterinburg 2018}) 11... Qd7 12. Bxe6 fxe6 13. Qg4 Bd8 (13... b5 $15) 14. O-O-O $11 {[%cal Ob3c5]} Bb6 {To avoid Nc5} ({Don't take} 14... Rxf2 15. Nc5 $1 Qf7 16. Nxe6 $16 (16. Qxe6 Qxe6 17. Nxe6 Nc6 $14)) 15. f4 {Hoping for fxe5.} Nc6 16. Rhf1 (16. Kb1 $14 {might be stronger.}) 16... Bd4 17. Ne2 {[%cal Re2d4]} Be3+ 18. Kb1 exf4 19. gxf4 Rad8 20. Rf3 Ba7 21. Rfd3 Qe7 22. a3 Kh8 23. Nd2 {[%cal Bb3d2,Bd2f3,Bf3h4][%mdl 32]} d5 24. e5 b5 (24... Qf7 $14) 25. Nf3 $1 $16 h6 26. h5 {aiming for Nh4.} Qf7 {[#]} 27. Nh4 $1 {And now Rc3 would win.} Ne7 (27... Rfe8 $16) 28. Rf1 $18 Rc8 29. Rdf3 {Black must now prevent f5.} Rc4 (29... Nf5 {was called for.}) 30. b3 Re4 {[#]} 31. Ng3 Rc8 32. Qh3 $2 (32. Nxe4 $18 {is the precise move to win.} dxe4 33. Rg3) 32... Rd4 $2 {[%mdl 8192] This move loses the game for Black.} (32... Re3 $16 {is more resistant.}) 33. f5 {[%cal Bf4f5,Bf5e6][%mdl 32] White is clearly winning.} Rd2 34. Rc1 Rf2 {[#]} 35. fxe6 $1 Qg8 (35... Qxf3 36. Nxf3) 36. Ngf5 Nxf5 37. Ng6+ ({Not} 37. Nxf5 Rxf3 38. Qxf3 Qxe6 $16) 37... Kh7 38. Rxf2 {Weighted Error Value: White=0.14 (very precise) /Black=0.40} 1-0

[Event "New York Winter Invitational GM-B 2022"]
[Site "New York"]
[Date "2022.01.17"]
[Round "7.5"]
[White "Jacobson, Brandon"]
[Black "Rohde, Michael"]
[Result "1-0"]
[WhiteElo "2530"]
[BlackElo "2345"]
[Annotator "TA"]
[PlyCount "99"]
[EventDate "2022.01.11"]
[EventType "tourn"]
[EventCountry "USA"]
[SourceTitle "playchess.com"]
[Source "ChessBase"]
[SourceQuality "1"]

{[%evp 9,99,52,49,24,34,18,56,27,25,0,-8,-5,22,16,20,22,27,27,40,35,65,29,94,54,56,58,80,80,73,85,92,95,98,17,28,18,22,9,5,-7,23,16,38,12,34,35,105,108,135,134,136,126,127,133,121,19,19,18,116,106,120,93,93,93,93,93,126,119,102,60,107,120,271,261,349,343,1069,995,1049,1037,1887,1739,1940,1578,1393,783,6382,5493,29983,29984,29990,29991]} 1. d4 Nf6 2. c4 Nc6 3. Nf3 e6 4. a3 g6 5. Nc3 Bg7 6. e3 {E10: Blumenfeld Gambit.} O-O 7. Be2 d6 8. b4 {White is slightly better.} e5 {[#]} 9. Bb2 $146 (9. d5 $5 {[%cal Rd5c6]} e4 10. dxc6 exf3 11. Bxf3 bxc6 12. Bb2 $11 (12. Bxc6 Rb8 $11)) ({Predecessor:} 9. d5 Ne7 10. e4 a6 11. O-O Nd7 12. Be3 f5 13. Ng5 Nf6 14. Rc1 h6 15. exf5 Nxf5 {1-0 (29) Garcia,F-Moral Sanz,J Valladolid 1975}) 9... exd4 10. Nxd4 Bd7 11. O-O Re8 12. Nf3 Bf5 13. Qb3 a5 14. Rfd1 Qe7 15. h3 Qf8 (15... Ne5 $11) 16. Rac1 axb4 17. axb4 Ne5 18. Nd4 Bd7 19. Ndb5 Rec8 20. f4 $1 Nc6 21. Nd5 (21. e4 $16) 21... Nxd5 $11 22. Bxg7 ({But not} 22. Rxd5 Bxb2 23. Qxb2 Qe7 $17) 22... Qxg7 23. cxd5 Ne7 24. Nc3 ({Wrong is} 24. Nxc7 $2 Ba4 25. Qb1 Bxd1 26. Bxd1 Ra3 $19) 24... Nf5 (24... g5 $5 {[%cal Rg5f4]}) 25. Bg4 h5 26. Bxf5 Bxf5 27. Nb5 Bd7 ({Black should play} 27... g5 $14) 28. Nxc7 $16 {[%cal Bb5c7,Bc7a8,Ba8b6][%mdl 32]} Ba4 29. Qa3 {White is much more active.} ({Don't do} 29. Nxa8 $6 Bxb3 30. Rxc8+ Kh7 $14) 29... Bxd1 30. Nxa8 Bc2 31. Nb6 Rc7 {[#]} 32. Qa1 {Inhibits Qf6.} (32. Nd7 $1 $16 {[%mdl 512]}) 32... Qxa1 $11 33. Rxa1 {[%mdl 4096] Endgame Black must now prevent Rc1. KRB-KRN} Be4 (33... Kf8 $1 $11 {remains equal.}) 34. Ra8+ $16 Kg7 35. Rc8 Rxc8 36. Nxc8 Bxd5 37. Nxd6 {KB-KN} Kf6 38. Nb5 Ke6 39. g3 (39. Kf2 $16) 39... Bc4 {[#]} (39... Kf5 $14) 40. Nc3 $1 Bd3 $2 {[#] Black cannot hold the game after this.} (40... f5 $16) 41. e4 $1 $18 f6 42. Kf2 g5 $2 (42... Kd6 43. h4 Bc4) 43. Ke3 Bf1 44. h4 gxh4 45. gxh4 Bg2 46. Kd4 Kd6 47. f5 {Intending Nd5 and mate.} Kc6 48. Nd5 Kb5 49. Nxf6 Kxb4 50. Nd5+ {Weighted Error Value: White=0.15 (very precise) /Black=0.38} 1-0

[Event "New York Winter Invitational GM-B 2022"]
[Site "New York"]
[Date "2022.01.17"]
[Round "8.1"]
[White "Barbosa, Oliver"]
[Black "Rohde, Michael"]
[Result "1/2-1/2"]
[WhiteElo "2510"]
[BlackElo "2345"]
[Annotator "TA"]
[PlyCount "44"]
[EventDate "2022.01.11"]
[EventType "tourn"]
[EventCountry "USA"]
[SourceTitle "playchess.com"]
[Source "ChessBase"]
[SourceQuality "1"]

{[%evp 9,44,22,22,21,31,14,23,24,38,35,29,33,51,20,32,20,15,16,29,27,43,39,74,0,0,0,41,36,81,50,68,24,31,32,93,79,68]} 1. d4 Nf6 2. Nf3 d6 3. Nc3 Bf5 4. Nh4 Bd7 5. e4 e5 {[%cal Of6e4]} 6. Nf3 {A46: 1 d4 Nf6 2 Nf3 e6: Torre, London and Colle Systems.} Nc6 7. Bc4 {[#] Hoping for Ng5.} Be7 8. d5 {White has an edge.} Nb8 {[%cal Ob7b5]} 9. O-O O-O {[%cal Ob7b5]} 10. Qe2 {[#]} Kh8 $146 ({Predecessor:} 10... h6 11. h3 {1-0 (10) Stanitz,A (2138)-Clark,S (1594) ICCF email 2016}) 11. Ne1 c6 12. a4 (12. Nf3 {keeps more tension.} Bg4 13. h3 Bh5 14. a4 Nbd7 15. a5) 12... cxd5 13. Nxd5 Nxd5 14. Bxd5 Nc6 15. c3 f5 {[#]} 16. f4 {White is more active.} (16. exf5 $1 $16 Bxf5 17. Nc2) 16... fxe4 $11 17. Bxe4 {Qh5 is the strong threat.} d5 (17... Be6 $11) 18. Bxd5 $14 Bc5+ (18... exf4 $14 19. Bxf4 (19. Rxf4 Bc5+ 20. Kh1 Bf5 $11) 19... Bg4 20. Qxg4 Qxd5) 19. Kh1 $16 Bg4 $1 20. Bf3 (20. Qc4 $14 Bb6 21. Bxc6 bxc6 22. h3 (22. fxe5 $2 Qd5 $19) (22. Qxc6 $2 Qd1 $19)) 20... Bxf3 $11 21. Rxf3 e4 ({Black should play} 21... Qd5 $14) 22. Rf1 ({Avoid the trap} 22. Qxe4 $2 Re8 23. Qxe8+ Qxe8 $19) 22... Qd5 {Weighted Error Value: White=0.14 (very precise) /Black=0.14 (very precise)} 1/2-1/2

[Event "New York Winter Invitational GM-B 2022"]
[Site "New York"]
[Date "2022.01.17"]
[Round "8.2"]
[White "Perez, Robert"]
[Black "Jacobson, Brandon"]
[Result "0-1"]
[WhiteElo "2362"]
[BlackElo "2530"]
[Annotator "TA"]
[PlyCount "60"]
[EventDate "2022.01.11"]
[EventType "tourn"]
[EventCountry "USA"]

{[%evp 18,60,29,27,29,22,29,15,34,24,16,31,21,10,27,10,25,12,0,0,-7,-30,-26,-17,0,-5,-16,-23,-6,-40,-35,-68,-79,-207,-185,-193,-204,-188,-188,-195,-188,-252,1057,0,286]} 1. d4 Nf6 2. c4 e6 3. g3 c5 4. d5 exd5 5. cxd5 d6 6. Nc3 g6 {[%cal Bg7g6,Bg6g5,Bg5g4][%mdl 32]} 7. Bg2 Bg7 8. Nf3 O-O 9. O-O Re8 10. Bf4 h6 {A62: Modern Benoni: Fianchetto Variation without early ...Nbd7.} 11. Re1 (11. Qc1 $5 {[%cal Rf4h6]}) 11... g5 12. Bd2 Bf5 13. h4 g4 14. Nh2 {[%cal Bf3h2,Bh2f1,Bf1e3,Be3f5][%mdl 32]} Bg6 15. e4 h5 16. Bf4 {[#]} a6 $146 ({Predecessor:} 16... Nfd7 17. Bxd6 Qb6 18. Bxb8 Qxb2 19. Bf4 Bxc3 20. Rb1 Qxa2 21. Re2 Qa6 22. Bf1 Be5 {0-1 (39) Prraneeth,V (2281)-Anand,N (2394) Divcibare 2018}) 17. a4 {Prevents b5.} Nfd7 18. Nf1 Ne5 19. Ne3 Nbd7 20. Nf5 Bf8 21. b3 Rc8 22. a5 c4 {White must now prevent ...cxb3.} 23. bxc4 (23. Bg5 $5 {[%cal Rg5d8]} f6 24. Be3 $11) 23... Rxc4 24. Re3 Nc5 25. Kh1 (25. Ne2 $17 {was necessary.}) 25... Bxf5 $19 26. exf5 {[#]} Rxf4 {[%mdl 512]} 27. gxf4 Qxh4+ 28. Kg1 Nf3+ ({Inferior is} 28... Bh6 29. fxe5 Bxe3 30. fxe3 $11) 29. Bxf3 (29. Rxf3 {keeps fighting.} gxf3 30. Qxf3) 29... Re5 $4 {[%mdl 8192]} 30. Re4 $2 Rxe4 $4 {[%mdl 40960] Never resign too early!  Weighted Error Value: White=0.46/Black=0.05 (flawless) . Loss on time!?} (30... gxf3 $11 {and Black has nothing to worry.} 31. Qxf3 (31. fxe5 $2 {loses.} Qg5+ 32. Kf1 Qg2+ 33. Ke1 Bh6 $19) 31... Nxe4 32. fxe5 Qg5+ 33. Kh2 Qh4+ 34. Kg2 Qg5+ 35. Kh2 Qh4+ 36. Kg2 Qg5+ 37. Kh2) 0-1